<?xml version="1.0" encoding="UTF-8"?><?xml-stylesheet type="text/xsl" href="static/style.xsl"?><OAI-PMH xmlns="http://www.openarchives.org/OAI/2.0/" xmlns:xsi="http://www.w3.org/2001/XMLSchema-instance" xsi:schemaLocation="http://www.openarchives.org/OAI/2.0/ http://www.openarchives.org/OAI/2.0/OAI-PMH.xsd"><responseDate>2026-04-28T18:58:56Z</responseDate><request verb="GetRecord" identifier="oai:uvadoc.uva.es:10324/409" metadataPrefix="marc">https://uvadoc.uva.es/oai/request</request><GetRecord><record><header><identifier>oai:uvadoc.uva.es:10324/409</identifier><datestamp>2021-12-17T12:09:02Z</datestamp><setSpec>com_10324_150</setSpec><setSpec>col_10324_151</setSpec></header><metadata><record xmlns="http://www.loc.gov/MARC21/slim" xmlns:doc="http://www.lyncode.com/xoai" xmlns:xsi="http://www.w3.org/2001/XMLSchema-instance" xmlns:dcterms="http://purl.org/dc/terms/" xsi:schemaLocation="http://www.loc.gov/MARC21/slim http://www.loc.gov/standards/marcxml/schema/MARC21slim.xsd">
<leader>00925njm 22002777a 4500</leader>
<datafield tag="042" ind1=" " ind2=" ">
<subfield code="a">dc</subfield>
</datafield>
<datafield tag="720" ind1=" " ind2=" ">
<subfield code="a">Aegidius Romanus</subfield>
<subfield code="e">author</subfield>
</datafield>
<datafield tag="024" ind2=" " ind1="8">
<subfield code="a">Alonso-Cortés, 251</subfield>
</datafield>
<datafield tag="024" ind2=" " ind1="8">
<subfield code="a">Rivera Manescau, 217</subfield>
</datafield>
<datafield tag="024" ind2=" " ind1="8">
<subfield code="a">Olim., 69</subfield>
</datafield>
<datafield tag="024" ind2=" " ind1="8">
<subfield code="a">http://uvadoc.uva.es/handle/10324/409</subfield>
</datafield>
<datafield tag="024" ind2=" " ind1="8">
<subfield code="a">b1513654</subfield>
</datafield>
<datafield tag="024" ind2=" " ind1="8">
<subfield code="a">U/Bc Ms 251</subfield>
</datafield>
<datafield ind1=" " ind2=" " tag="653">
<subfield code="a">Ciencia política</subfield>
</datafield>
<datafield ind1=" " ind2=" " tag="653">
<subfield code="a">Educación de príncipes-España-Siglo XV</subfield>
</datafield>
<datafield tag="245" ind1="0" ind2="0">
<subfield code="a">Libro d[e]l gov[er]nami[en]to d[e] los p[ri]ncipes fecho de do[n] frey gil de roma d[e] la orden de s[an]t agostin e fisolo t[ra]sladar de lati[n] en roma[n]çe do[n] barnabe ob[is]po de osma p[ar]a honrrar e enssenamie[n]to d[e]l muy noble infante don peidro [sic] fijo p[ri]mo h[e]redero d[e]l muy alto e muy noble Rey d[o]n alfon[so] ... [Manuscrito]</subfield>
</datafield>
</record></metadata></record></GetRecord></OAI-PMH>